Encyclopedia of interfacial chemistry : (Record no. 172135)

MARC details
000 -LEADER
fixed length control field 00972nam a22002777a 4500
003 - CONTROL NUMBER IDENTIFIER
control field OSt
005 - DATE AND TIME OF LATEST TRANSACTION
control field 20250827104341.0
008 - FIXED-LENGTH DATA ELEMENTS--GENERAL INFORMATION
fixed length control field 250627b |||||||| |||| 00| 0 eng d
020 ## - INTERNATIONAL STANDARD BOOK NUMBER
International Standard Book Number 9780128097397 (hardcover)
020 ## - INTERNATIONAL STANDARD BOOK NUMBER
International Standard Book Number 9780128149881 (volume 2)
024 ## - OTHER STANDARD IDENTIFIER
Terms of availability USD 358
040 ## - CATALOGING SOURCE
Original cataloging agency NUST
Language of cataloging eng
Transcribing agency NUST
Modifying agency NUST
Description conventions rda
050 ## - LIBRARY OF CONGRESS CALL NUMBER
Classification number REF QD551.3 ENC
245 ## - TITLE STATEMENT
Title Encyclopedia of interfacial chemistry :
Remainder of title surface science and electrochemistry, Volume 2 /
Statement of responsibility, etc. Klaus Wandelt.
260 ## - PUBLICATION, DISTRIBUTION, ETC.
Place of publication, distribution, etc. Amsterdam, Netherlands :
Name of publisher, distributor, etc. Elsevier,
Date of publication, distribution, etc. ©2018.
300 ## - PHYSICAL DESCRIPTION
Extent xx, 685 pages :
Other physical details Illustrations ;
Dimensions 28 cm.
336 ## - CONTENT TYPE
Source rdacontent
Content type term text
Content type code txt
337 ## - MEDIA TYPE
Source rdamedia
Media type term unmediated
Media type code n
338 ## - CARRIER TYPE
Source rdacarrier
Carrier type term volume
Carrier type code nc
504 ## - BIBLIOGRAPHY, ETC. NOTE
Bibliography, etc. note Includes bibliographical references.
650 ## - SUBJECT ADDED ENTRY--TOPICAL TERM
Form subdivision Encyclopedia.
650 ## - SUBJECT ADDED ENTRY--TOPICAL TERM
Form subdivision Surface chemistry.
650 ## - SUBJECT ADDED ENTRY--TOPICAL TERM
Form subdivision Surface chemistry -- Encyclopedias.
700 ## - ADDED ENTRY--PERSONAL NAME
Personal name Wandelt, Klaus
Relator term Editor
942 ## - ADDED ENTRY ELEMENTS (KOHA)
Source of classification or shelving scheme Library of Congress Classification
Koha item type Reference Material
Classification part QD551.3 ENC
Call number prefix QD
Call number suffix ENC
Suppress in OPAC No
Holdings
Withdrawn status Lost status Source of classification or shelving scheme Damaged status Not for loan Collection Home library Current library Shelving location Date acquired Source of acquisition Total Checkouts Full call number Barcode Date last seen Accession number Price effective from Koha item type Public note
    LCC     NFIC MAIN MAIN REFERENCE 06/27/2025 Book Aid International   REF QD551.3 ENC 92004056940 06/27/2025 62642 06/27/2025 BOOKS Donation